000
00219nam a2200097Ia 4500
005
20251222114358.0
008
251222s1900||||xx |||||||||||||| ||spa||
082
_a
DVD0110/W19/2005
245
0
_a
La cenicienta:
942
_c
DVD
999
_c
1503
_d
1503